000 01236cam a22002771i 4500
003 SA-RiAUC
005 20251001115328.0
008 250901q19001999su o g 00000aara c
040 _aSA-JeALM
_bara
_cSA-RiAUC
_erda
043 _aa-su---
050 4 _b.A47 1900z
082 0 4 _a920.0531
_qSA-RiAUC
090 _a920.0531
_b ا ل س
100 1 _aآل سعيد، محمد حلمي بن حسين حلمي بن علي،
_dتوفي 1421 هجري
_eمؤلف.
245 1 0 _aخواطر من ذكرياتي /
_cمحمد حلمي بن حسين حلمي بن علي آل سعيد.
264 1 _aمكة المكرمة :
_bشركة مكة للطباعة والنشر،
_c[بين 1900 و1999]
300 _a136 صفحة :
_bصور ؛
_c32 سم
336 _aنص
_btxt
_2rdacontent
_3كتاب
337 _aبدون وسيط
_bn
_2rdamedia
338 _aمجلد
_bnc
_2rdacarrier
600 1 7 _aآل سعيد، محمد حلمي بن حسين حلمي بن علي،
_dتوفي 1421 هجري
_vيوميات
_2aucnm
650 7 _aالتربويون السعوديون
_vتراجم
_2aucsh
650 7 _aالتعليم
_zالسعودية
_vمرويات شخصية
_2aucsh
942 _2ddc
_cBOOK
_n0
949 _aSA-JeALM
_d250901
_uosman123
_n1
999 _c12265
_d12265